| 000 -LEADER |
| fixed length control field |
01803cam a2200397 i 4500 |
| 003 - CONTROL NUMBER IDENTIFIER |
| control field |
OSt |
| 005 - DATE AND TIME OF LATEST TRANSACTION |
| control field |
20200310130727.0 |
| 008 - FIXED-LENGTH DATA ELEMENTS--GENERAL INFORMATION |
| fixed length control field |
170829s2016 ii ab b 000 0 eng d |
| 020 ## - INTERNATIONAL STANDARD BOOK NUMBER |
| International Standard Book Number |
9788173055652 |
| Qualifying information |
(hardbound) |
| 020 ## - INTERNATIONAL STANDARD BOOK NUMBER |
| International Standard Book Number |
8173055653 |
| 040 ## - CATALOGING SOURCE |
| Original cataloging agency |
JPG |
| Language of cataloging |
eng |
| Description conventions |
rda |
| Transcribing agency |
JPG |
| Modifying agency |
JPG |
| -- |
DKAGE |
| -- |
LOA |
| -- |
OCLCF |
| -- |
DLC |
| 043 ## - GEOGRAPHIC AREA CODE |
| Geographic area code |
a------ |
| 082 04 - DEWEY DECIMAL CLASSIFICATION NUMBER |
| Classification number |
720.95 |
| Edition number |
23 |
| Item number |
JAI |
| 245 04 - TITLE STATEMENT |
| Title |
The future of historic cities : |
| Remainder of title |
urban heritage in Asia : documentation, protection and conservation / |
| Statement of responsibility, etc |
edited by Shikha Jain, Parul G. Munjal, Vanicka Arora. |
| 246 30 - VARYING FORM OF TITLE |
| Title proper/short title |
Urban heritage in Asia |
| 300 ## - PHYSICAL DESCRIPTION |
| Extent |
178 pages : |
| Other physical details |
illustrations (some color), maps (black and white, and color) ; |
| Dimensions |
29 cm |
| 504 ## - BIBLIOGRAPHY, ETC. NOTE |
| Bibliography, etc |
Includes bibliographical references. |
| 650 #0 - SUBJECT ADDED ENTRY--TOPICAL TERM |
| Topical term or geographic name as entry element |
Historic districts |
| General subdivision |
Conservation and restoration |
| Geographic subdivision |
Asia. |
| 650 #0 - SUBJECT ADDED ENTRY--TOPICAL TERM |
| Topical term or geographic name as entry element |
Historic buildings |
| General subdivision |
Conservation and restoration |
| Geographic subdivision |
Asia. |
| 650 #0 - SUBJECT ADDED ENTRY--TOPICAL TERM |
| Topical term or geographic name as entry element |
Cities and towns |
| General subdivision |
Conservation and restoration |
| Geographic subdivision |
Asia. |
| 650 #0 - SUBJECT ADDED ENTRY--TOPICAL TERM |
| Topical term or geographic name as entry element |
Historic preservation |
| Geographic subdivision |
Asia. |
| 650 #0 - SUBJECT ADDED ENTRY--TOPICAL TERM |
| Topical term or geographic name as entry element |
Urban renewal |
| Geographic subdivision |
Asia. |
| 650 #4 - SUBJECT ADDED ENTRY--TOPICAL TERM |
| Topical term or geographic name as entry element |
Historic sites |
| General subdivision |
Conservation and restoration |
| Geographic subdivision |
South Asia |
| Form subdivision |
Case studies. |
| 650 #4 - SUBJECT ADDED ENTRY--TOPICAL TERM |
| Topical term or geographic name as entry element |
Cultural property |
| General subdivision |
Protection |
| Geographic subdivision |
South Asia |
| Form subdivision |
Case studies. |
| 650 #4 - SUBJECT ADDED ENTRY--TOPICAL TERM |
| Topical term or geographic name as entry element |
Historic sites |
| General subdivision |
Conservation and restoration |
| Geographic subdivision |
India |
| Form subdivision |
Case studies. |
| 650 #4 - SUBJECT ADDED ENTRY--TOPICAL TERM |
| Topical term or geographic name as entry element |
Cultural landscapes |
| Geographic subdivision |
South Asia |
| Form subdivision |
Case studies. |
| 650 #4 - SUBJECT ADDED ENTRY--TOPICAL TERM |
| Topical term or geographic name as entry element |
Historic sites |
| General subdivision |
Conservation and restoration |
| Geographic subdivision |
India. |
| 650 #4 - SUBJECT ADDED ENTRY--TOPICAL TERM |
| Topical term or geographic name as entry element |
Historic buildings |
| General subdivision |
Conservation and restoration |
| Geographic subdivision |
India. |
| 700 1# - ADDED ENTRY--PERSONAL NAME |
| Personal name |
Jain, Shikha, |
| Relator term |
editor. |
| 700 1# - ADDED ENTRY--PERSONAL NAME |
| Personal name |
Munjal, Parul G., |
| Relator term |
editor. |
| 700 1# - ADDED ENTRY--PERSONAL NAME |
| Personal name |
Arora, Vanicka, |
| Relator term |
editor. |
| 710 2# - ADDED ENTRY--CORPORATE NAME |
| Corporate name or jurisdiction name as entry element |
Development and Research Organisation for Nature, Arts, and Heritage, |
| Relator term |
issuing body. |
| 906 ## - LOCAL DATA ELEMENT F, LDF (RLIN) |
| a |
7 |
| b |
cbc |
| c |
copycat |
| d |
3 |
| e |
ncip |
| f |
20 |
| g |
y-gencatlg |
| 942 ## - ADDED ENTRY ELEMENTS (KOHA) |
| Source of classification or shelving scheme |
|
| 955 ## - COPY-LEVEL INFORMATION (RLIN) |
| Book number/undivided call number, CCAL (RLIN) |
wd51 2017-12-21 |
| Copy information and material description, CCAL + MDES (RLIN) |
wd56 2018-03-26 |